Central Library OPAC University of Rajshahi

Person identification using gait biometric with challenging clothing and speed cofactors / (Record no. 81824)

MARC details
000 -LEADER
fixed length control field 00946nam a22002417a 4500
001 - CONTROL NUMBER
RUCL Control Number 81824
003 - CONTROL NUMBER IDENTIFIER
rucl marc code BD-RjUL
005 - DATE AND TIME OF LATEST TRANSACTION
control field 20230831160747.0
008 - FIXED-LENGTH DATA ELEMENTS--GENERAL INFORMATION
fixed length control field 230831s2021 bg a|||| m||| 00| 0 eng d
035 ## - SYSTEM CONTROL NUMBER
system control number (BD-RjUL)81824
040 ## - CATALOGING SOURCE
Original cataloging agency BD-RjUL
Language of cataloging eng
Transcribing agency BD-RjUL
Modifying agency BD-RjUL
041 ## - LANGUAGE CODE
Language code of Book eng
082 ## - DEWEY DECIMAL CLASSIFICATION NUMBER
DDC Edition number 23
Classification number 570.15195
Author mark and Year ROP 2021
100 ## - MAIN ENTRY--PERSONAL NAME
Personal name Rokanujjaman, Md.
9 (RLIN) 8720
245 10 - TITLE STATEMENT
Title Person identification using gait biometric with challenging clothing and speed cofactors /
Statement of responsibility, etc Md. Rokanujjaman ;
Name of Supervisor/Co-Supervisor Supervisor : Md. Rezaul Islam
260 ## - PUBLICATION, DISTRIBUTION, ETC. (IMPRINT)
Place of publication, distribution, etc Rajshahi :
Name of publisher, distributor, etc Department of Computer Science and Engineering, University of Rajshahi,
Date of publication, distribution, etc 2021
300 ## - PHYSICAL DESCRIPTION
Pagination xvii, 123 leaves :
Other physical details ill, ;
Dimensions 29.cm.
502 ## - DISSERTATION NOTE
Dissertation note Thesis (Ph. D.) -- Department of Computer Science and Engineering, University of Rajshahi, 2021
504 ## - BIBLIOGRAPHY, ETC. NOTE
Bibliography, etc References : Leaves 112 - 122
650 ## - SUBJECT ADDED ENTRY--TOPICAL TERM
Topical term or geographic name as entry element Biometrics
Form subdivision Biology
9 (RLIN) 8721
700 ## - ADDED ENTRY--SUPERVISOR/CO-SUPERVISOR NAME
Personal name Islam, Md. Rezaul, Supervisor
9 (RLIN) 5647
942 ## - ADDED ENTRY ELEMENTS (KOHA)
Source of classification or shelving scheme Dewey Decimal Classification
Koha item type Theses
Holdings
Source of classification or shelving scheme Damaged status Not for loan Collection code Permanent Location Current Location Shelving location Date of accession Source of acquisition Total Checkouts Full call number Barcode Date last seen Copy number Thesis
Dewey Decimal Classification   Not For Loan Theses Central Library, University of Rajshahi Central Library, University of Rajshahi Documentation Section 06/03/2023 C-1   THE570.15195 ROP 2021 D4710 31/08/2023 C-1 Theses